000 00985nam a2200265Ia 4500
003 OSt
005 20220923213519.0
006 a|||||r|||| 00| 0
007 ta
008 220922b |||||||| |||| 00| 0 hin d
024 _a162,479
037 _cTextual
040 _aARTS
_cARTS
_bhin
041 _2hin
_ahin
082 _aO152,2N244,EM, L2
100 _aनौटियाल, सन्तोष नारायण
245 0 _aएक मशीन जवानी की
246 _aEk mashīn javānī kī
260 _aनई दिल्ली
_b भारतीय ज्ञानपीठ प्रकाशन
_c1972
300 _a77पृ.
_ccm.
490 _aज्ञानपीठ लोकोदय ग्रन्ंथमाला; 337
650 _aहिन्दी साहित्य
_9156264
942 _hO152,2N244,EM, L2
_cTEXL
_2CC
999 _c316959
_d316959